000 01392cam a2200325 a 4500
001 13533726
003 OSt
005 20180117085952.0
008 040323s2005 maua b 001 0 eng
010 _a 2004040325
020 _a0072887672 (alk. paper)
040 _aDLC
_cDLC
_dDLC
050 0 0 _aBF176
_b.C63 2005
082 0 0 _a150/.28/7
_222
100 1 _aCohen, Ronald Jay.
245 1 0 _aPsychological testing and assessment :
_ban introduction to tests and measurement /
_cRonald Jay Cohen, Mark E. Swerdlik.
250 _a6th ed.
260 _aBoston :
_bMcGraw-Hill,
_cc2005.
300 _a1 v. (various pagings) :
_bill. (some col.) ;
_c27 cm.
504 _aIncludes bibliographical references (p. R-1 to R-52) and indexes.
650 0 _aPsychological tests
_vTextbooks.
650 0 _aPsychometrics
_vTextbooks.
700 1 _aSwerdlik, Mark E.
856 4 2 _3Publisher description
_uhttp://www.loc.gov/catdir/description/mh051/2004040325.html
856 4 1 _3Table of contents
_uhttp://www.loc.gov/catdir/toc/mh051/2004040325.html
906 _a7
_bcbc
_corignew
_d1
_eocip
_f20
_gy-gencatlg
942 _2ddc
_cBK
999 _c2911
_d2911